[Event "CHI-chT"]
[Site "Santiago de Chile"]
[Date "2019.09.26"]
[Round "3.3"]
[White "Velasquez Ojeda, Cesar"]
[Black "Lara Mascarreno, Alejandro"]
[Result "1/2-1/2"]
[WhiteElo "2105"]
[BlackElo "1749"]
[PlyCount "48"]
[EventDate "2019.09.05"]
[EventType "team-swiss"]
[EventRounds "9"]
[EventCountry "CHI"]
[SourceTitle "CBM 193 Extra"]
[Source "ChessBase"]
[SourceDate "2020.01.31"]
[SourceVersion "1"]
[SourceVersionDate "2020.01.31"]
[SourceQuality "1"]
[WhiteTeam "Casablanca Tours"]
[BlackTeam "Departamentos Cl"]
[WhiteTeamCountry "CHI"]
[BlackTeamCountry "CHI"]

1. e4 c5 2. Nf3 d6 3. d4 cxd4 4. Nxd4 Nf6 5. Nc3 a6 6. Bg5 e6 7. f4 Qb6 8. Qd2 Nc6 9. Bxf6 gxf6 10. 0-0-0 Qxd4 11. Qxd4 Nxd4 12. Rxd4 Bd7 13. Be2 h5 14. Rf1 h4 15. Kb1 Bc6 16. a4 Ke7 17. f5 Bh6 18. b4 Bg5 19. b5 Bd7 20. Rf3 Rhc8 21. Kb2 Rc5 22. Kb3 a5 23. g3 hxg3 24. hxg3 b6 1/2-1/2

[Event "CHI-chT"]
[Site "Santiago de Chile"]
[Date "2012.11.22"]
[Round "1"]
[White "Carrasco Miranda, Andres"]
[Black "Velasquez Ojeda, Cesar"]
[Result "1/2-1/2"]
[WhiteElo "2257"]
[BlackElo "2210"]
[PlyCount "103"]
[EventDate "2012.11.22"]
[EventType "team-tourn"]
[EventRounds "9"]
[EventCountry "CHI"]
[SourceTitle "EXT 2014"]
[Source "ChessBase"]
[SourceDate "2013.11.20"]
[SourceVersion "1"]
[SourceVersionDate "2013.11.20"]
[SourceQuality "1"]

1. d4 Nf6 2. c4 c5 3. d5 b5 4. cxb5 a6 5. bxa6 e6 6. Nc3 exd5 7. Nxd5 Nxd5 8. Qxd5 Nc6 9. e4 Bxa6 10. Bc4 Bxc4 11. Qxc4 Be7 12. Nf3 0-0 13. 0-0 Qb6 14. e5 Na5 15. Qg4 Nb3 16. Bh6 Qxh6 17. axb3 Qe6 18. Qc4 Rfb8 19. h3 h6 20. Rxa8 Rxa8 21. Rd1 Rb8 22. Qxe6 dxe6 23. Rd3 f6 24. Kf1 Kf7 25. Ke2 Rb4 26. Kd1 h5 27. Kc2 Rf4 28. Rd7 Rf5 29. exf6 gxf6 30. Kd3 e5 31. Ke2 Rf4 32. Rb7 Ke6 33. g3 Re4+ 34. Kd3 f5 35. h4 Rg4 36. Nxe5 Rd4+ 37. Kc2 Bf6 38. Nd3 c4 39. bxc4 Rxc4+ 40. Kd2 Rd4 41. Rb6+ Kf7 42. b3 f4 43. Rb5 fxg3 44. fxg3 Rg4 45. Ne5+ Bxe5 46. Rxe5 Rxg3 47. Kc2 Rg2+ 48. Kc3 Rg3+ 49. Kb2 Rg2+ 50. Ka3 Kg6 51. b4 Rg3+ 52. Ka4 1/2-1/2

[Event "Santiago Endesa Interempresas tt-A"]
[Site "Santiago de Chile"]
[Date "2010.09.28"]
[Round "12"]
[White "Velasquez Ojeda, Cesar"]
[Black "Sepulveda Herrera, Job Rodrigo"]
[Result "1/2-1/2"]
[WhiteElo "2326"]
[BlackElo "2332"]
[PlyCount "28"]
[EventDate "2010.07.13"]
[EventType "team"]
[EventRounds "13"]
[EventCountry "CHI"]
[SourceTitle "EXT 2012"]
[Source "ChessBase"]
[SourceDate "2011.11.24"]
[SourceVersion "1"]
[SourceVersionDate "2011.11.24"]
[SourceQuality "1"]

1. e4 d5 2. exd5 Qxd5 3. Nc3 Qd8 4. d4 Nf6 5. Bc4 c6 6. Nf3 Bf5 7. 0-0 e6 8. Re1 Be7 9. Bb3 Nbd7 10. Qe2 0-0 11. Bg5 Re8 12. Rad1 Qa5 13. Ne5 Rad8 14. Bh4 Bb4 1/2-1/2

[Event "Santiago Endesa Interempresas tt-A"]
[Site "Santiago de Chile"]
[Date "2010.09.21"]
[Round "11"]
[White "Catalan Roman, Francisco"]
[Black "Velasquez Ojeda, Cesar"]
[Result "0-1"]
[WhiteElo "2085"]
[BlackElo "2326"]
[PlyCount "61"]
[EventDate "2010.07.13"]
[EventType "team"]
[EventRounds "13"]
[EventCountry "CHI"]
[SourceTitle "EXT 2012"]
[Source "ChessBase"]
[SourceDate "2011.11.24"]
[SourceVersion "1"]
[SourceVersionDate "2011.11.24"]
[SourceQuality "1"]

1. c4 g6 2. g3 Bg7 3. Bg2 Nf6 4. Nc3 0-0 5. e3 e5 6. Nge2 d6 7. 0-0 Re8 8. d3 c6 9. e4 Be6 10. h3 d5 11. b3 dxc4 12. dxc4 Qa5 13. Bd2 Na6 14. Na4 Qc7 15. Be3 Nh5 16. Nec3 Bf8 17. a3 f6 18. Qe2 Qf7 19. Rfd1 b6 20. Kh2 Rad8 21. Bf3 Ng7 22. Bg2 Bc8 23. Qb2 Ne6 24. Ne2 Nac5 25. Nac3 Ba6 26. Qc2 Nd7 27. Bf1 Bc5 28. Na4 Bf8 29. Nac3 Bg7 30. Ng1 f5 31. Rd2 0-1

[Event "Santiago Endesa Interempresas tt-A"]
[Site "Santiago de Chile"]
[Date "2010.09.14"]
[Round "10"]
[White "Velasquez Ojeda, Cesar"]
[Black "Torres Bravo, Cristobal Renato"]
[Result "0-1"]
[WhiteElo "2326"]
[BlackElo "2231"]
[PlyCount "72"]
[EventDate "2010.07.13"]
[EventType "team"]
[EventRounds "13"]
[EventCountry "CHI"]
[SourceTitle "EXT 2012"]
[Source "ChessBase"]
[SourceDate "2011.11.24"]
[SourceVersion "1"]
[SourceVersionDate "2011.11.24"]
[SourceQuality "1"]

1. e4 c5 2. Nf3 Nc6 3. d4 cxd4 4. Nxd4 Nf6 5. Nc3 d6 6. Bc4 Bd7 7. Bb3 Rc8 8. 0-0 g6 9. Be3 Bg7 10. h3 0-0 11. f4 Na5 12. e5 Rxc3 13. bxc3 Ne4 14. e6 Nxb3 15. exf7+ Rxf7 16. axb3 Nxc3 17. Qd3 Nd5 18. c4 Nxe3 19. Qxe3 Qb6 20. Rad1 Bh6 21. g3 e5 22. Nc2 Qxe3+ 23. Nxe3 Bxh3 24. Rf2 exf4 25. gxf4 Bxf4 26. Nd5 Be5 27. Rxf7 Kxf7 28. b4 Be6 29. b5 Bxd5 30. Rxd5 Ke6 31. Rd3 h5 32. Kg2 g5 33. Ra3 g4 34. Rxa7 h4 35. Rxb7 h3+ 36. Kf2 g3+ 0-1

[Event "Santiago Endesa Interempresas tt-A"]
[Site "Santiago de Chile"]
[Date "2010.07.27"]
[Round "3"]
[White "Cortes Moyano, Julio"]
[Black "Velasquez Ojeda, Cesar"]
[Result "0-1"]
[WhiteElo "2199"]
[BlackElo "2326"]
[PlyCount "54"]
[EventDate "2010.07.13"]
[EventType "team"]
[EventRounds "13"]
[EventCountry "CHI"]
[SourceTitle "EXT 2012"]
[Source "ChessBase"]
[SourceDate "2011.11.24"]
[SourceVersion "1"]
[SourceVersionDate "2011.11.24"]
[SourceQuality "1"]

1. d4 Nf6 2. Nc3 d5 3. Bg5 Bf5 4. e3 Nbd7 5. Nge2 c6 6. f3 h6 7. Bh4 Qb6 8. a3 Qxb2 9. Ra2 Qb6 10. Bf2 Qa5 11. g4 Bh7 12. Bg2 e5 13. 0-0 Bd6 14. h3 0-0 15. Be1 Qc7 16. Qd2 Rfe8 17. Nd1 Re7 18. a4 exd4 19. Nxd4 Nb6 20. Nb2 Rae8 21. Bf2 Bh2+ 22. Kh1 Be5 23. a5 Nc8 24. c3 Nd6 25. Rc1 c5 26. Bf1 a6 27. Bd3 Bxd3 0-1

[Event "Santiago Endesa Interempresas tt-A"]
[Site "Santiago de Chile"]
[Date "2010.07.20"]
[Round "2"]
[White "Velasquez Ojeda, Cesar"]
[Black "Michel Yunis, Christian D"]
[Result "1/2-1/2"]
[WhiteElo "2326"]
[BlackElo "2372"]
[PlyCount "51"]
[EventDate "2010.07.13"]
[EventType "team"]
[EventRounds "13"]
[EventCountry "CHI"]
[SourceTitle "EXT 2012"]
[Source "ChessBase"]
[SourceDate "2011.11.24"]
[SourceVersion "1"]
[SourceVersionDate "2011.11.24"]
[SourceQuality "1"]

1. e4 c5 2. Nc3 e6 3. f4 d5 4. Nf3 dxe4 5. Nxe4 Nc6 6. Bb5 Bd7 7. 0-0 a6 8. Bxc6 Bxc6 9. Qe2 Be7 10. d3 Nf6 11. f5 Nxe4 12. dxe4 exf5 13. exf5 0-0 14. Bf4 Bf6 15. c3 Bb5 16. c4 Re8 17. Qc2 Bc6 18. Rad1 Qb6 19. b3 Be4 20. Qf2 Rad8 21. g4 h6 22. Qg3 Rxd1 23. Rxd1 Bxf3 24. Qxf3 Bd4+ 25. Kf1 Qa5 26. Rd2 1/2-1/2

[Event "Santiago Endesa IM"]
[Site "Santiago de Chile"]
[Date "2010.??.??"]
[Round "3"]
[White "Farfan Ortiz, Enrique Alfredo"]
[Black "Velasquez Ojeda, Cesar"]
[Result "0-1"]
[WhiteElo "2191"]
[BlackElo "2325"]
[PlyCount "62"]
[EventDate "2010.11.02"]
[EventType "tourn"]
[EventRounds "9"]
[EventCountry "CHI"]
[SourceTitle "EXT 2012"]
[Source "ChessBase"]
[SourceDate "2011.11.24"]
[SourceVersion "1"]
[SourceVersionDate "2011.11.24"]
[SourceQuality "1"]

1. e4 c5 2. Nf3 d6 3. d4 cxd4 4. Nxd4 Nf6 5. Nc3 a6 6. Be2 e5 7. Nb3 Be7 8. g4 h6 9. f4 b5 10. g5 hxg5 11. fxg5 Nfd7 12. Nd5 Bxg5 13. Nc7+ Qxc7 14. Bxg5 Bb7 15. Bf3 Nc6 16. Qd2 f6 17. Be3 0-0-0 18. a4 bxa4 19. Rxa4 Nb6 20. Ra1 Nc4 21. Qc3 Nxe3 22. Qxe3 Kb8 23. c3 Rh3 24. 0-0 f5 25. Nd2 d5 26. exd5 e4 27. Qf2 Ne5 28. Be2 Rdh8 29. Bxa6 Rxh2 30. Qxf5 Qb6+ 31. Rf2 Nf3+ 0-1

[Event "Santiago Endesa IM"]
[Site "Santiago de Chile"]
[Date "2010.??.??"]
[Round "4"]
[White "Velasquez Ojeda, Cesar"]
[Black "Perez Gormaz, Matias Ariel"]
[Result "1/2-1/2"]
[WhiteElo "2325"]
[BlackElo "2141"]
[PlyCount "43"]
[EventDate "2010.11.02"]
[EventType "tourn"]
[EventRounds "9"]
[EventCountry "CHI"]
[SourceTitle "EXT 2012"]
[Source "ChessBase"]
[SourceDate "2011.11.24"]
[SourceVersion "1"]
[SourceVersionDate "2011.11.24"]
[SourceQuality "1"]

1. e4 c5 2. Nf3 d6 3. d4 cxd4 4. Nxd4 Nf6 5. Nc3 a6 6. Bg5 e6 7. f4 Be7 8. Qf3 h6 9. Bh4 Nbd7 10. Be2 g5 11. fxg5 Ne5 12. Qe3 Nfg4 13. Qd2 Bxg5 14. Bxg5 Qxg5 15. Bxg4 Qxd2+ 16. Kxd2 Nxg4 17. Nf3 Rg8 18. Rhg1 b5 19. a3 Bb7 20. h3 Nf6 21. Ke3 Rc8 22. Rad1 1/2-1/2

[Event "Santiago Endesa IM"]
[Site "Santiago de Chile"]
[Date "2010.??.??"]
[Round "2"]
[White "Velasquez Ojeda, Cesar"]
[Black "Valdes Escobar, Alvaro Daniel"]
[Result "0-1"]
[WhiteElo "2325"]
[BlackElo "2361"]
[PlyCount "58"]
[EventDate "2010.11.02"]
[EventType "tourn"]
[EventRounds "9"]
[EventCountry "CHI"]
[SourceTitle "EXT 2012"]
[Source "ChessBase"]
[SourceDate "2011.11.24"]
[SourceVersion "1"]
[SourceVersionDate "2011.11.24"]
[SourceQuality "1"]

1. e4 c5 2. Nf3 d6 3. d4 cxd4 4. Nxd4 Nf6 5. Nc3 Nc6 6. Bc4 e6 7. Be3 Be7 8. Qe2 a6 9. 0-0-0 Qc7 10. Bb3 0-0 11. g4 Nxd4 12. Rxd4 Nd7 13. g5 Nc5 14. Rg1 b5 15. Rg3 g6 16. f4 Rb8 17. Kb1 a5 18. a3 Bd7 19. f5 b4 20. f6 bxc3 21. e5 Nxb3 22. fxe7 Rfc8 23. cxb3 Rxb3 24. exd6 Qb7 25. Bc1 e5 26. Rc4 Rxc4 27. Rg2 Rc8 28. Rf2 Rxa3 29. Qxe5 Bf5+ 0-1

[Event "Santiago Endesa IM"]
[Site "Santiago de Chile"]
[Date "2010.??.??"]
[Round "6"]
[White "Velasquez Ojeda, Cesar"]
[Black "Valiente, Cristobal"]
[Result "1/2-1/2"]
[WhiteElo "2325"]
[BlackElo "2232"]
[PlyCount "24"]
[EventDate "2010.11.02"]
[EventType "tourn"]
[EventRounds "9"]
[EventCountry "CHI"]
[SourceTitle "EXT 2012"]
[Source "ChessBase"]
[SourceDate "2011.11.24"]
[SourceVersion "1"]
[SourceVersionDate "2011.11.24"]
[SourceQuality "1"]

1. e4 c5 2. Nc3 Nc6 3. Bb5 g6 4. Bxc6 dxc6 5. h3 Bg7 6. Nf3 Nf6 7. d3 0-0 8. Be3 b6 9. Qd2 Nd7 10. Bh6 e5 11. Bxg7 Kxg7 12. 0-0 Qe7 1/2-1/2

[Event "Santiago Endesa Interempresas tt-A"]
[Site "Santiago de Chile"]
[Date "2009.09.22"]
[Round "10"]
[White "Velasquez Ojeda, Cesar"]
[Black "Bulgarini Torre, Marco"]
[Result "1-0"]
[WhiteElo "2336"]
[BlackElo "2076"]
[PlyCount "41"]
[EventDate "2009.07.21"]
[EventType "team"]
[EventRounds "13"]
[EventCountry "CHI"]
[SourceTitle "EXT 2012"]
[Source "ChessBase"]
[SourceDate "2011.11.24"]
[SourceVersion "1"]
[SourceVersionDate "2011.11.24"]
[SourceQuality "1"]

1. e4 c5 2. Nf3 Nf6 3. e5 Nd5 4. Nc3 Nxc3 5. bxc3 g6 6. d4 Bg7 7. Bd3 0-0 8. h4 d5 9. h5 Bg4 10. hxg6 fxg6 11. Be2 Bxf3 12. Bxf3 e6 13. Rb1 b6 14. Qd3 Qe8 15. Bg4 h5 16. Bh3 Nc6 17. g4 cxd4 18. cxd4 Qf7 19. f4 Rae8 20. gxh5 gxh5 21. Bg4 1-0

[Event "Santiago Endesa Interempresas tt-A"]
[Site "Santiago de Chile"]
[Date "2009.09.15"]
[Round "9"]
[White "Bombardiere Rosas, Eduardo"]
[Black "Velasquez Ojeda, Cesar"]
[Result "1/2-1/2"]
[WhiteElo "2181"]
[BlackElo "2336"]
[PlyCount "47"]
[EventDate "2009.07.21"]
[EventType "team"]
[EventRounds "13"]
[EventCountry "CHI"]
[SourceTitle "EXT 2012"]
[Source "ChessBase"]
[SourceDate "2011.11.24"]
[SourceVersion "1"]
[SourceVersionDate "2011.11.24"]
[SourceQuality "1"]

1. d4 Nf6 2. Nf3 c5 3. c4 cxd4 4. Nxd4 e5 5. Nc2 d5 6. cxd5 Qxd5 7. Qxd5 Nxd5 8. e4 Nb4 9. Nxb4 Bxb4+ 10. Bd2 Bxd2+ 11. Nxd2 Ke7 12. Bc4 Nc6 13. Rc1 Rd8 14. Nb3 a5 15. 0-0 a4 16. Nc5 Rd2 17. Nd3 a3 18. Rcd1 Rxd1 19. Rxd1 axb2 20. Rb1 Ra3 21. Nxb2 Be6 22. Bxe6 Kxe6 23. Nc4 Ra7 24. Rb6 1/2-1/2

[Event "Santiago Endesa Interempresas tt-A"]
[Site "Santiago de Chile"]
[Date "2009.08.25"]
[Round "6"]
[White "Velasquez Ojeda, Cesar"]
[Black "Pineda Polanco, Adolfo"]
[Result "1-0"]
[WhiteElo "2336"]
[BlackElo "2315"]
[PlyCount "64"]
[EventDate "2009.07.21"]
[EventType "team"]
[EventRounds "13"]
[EventCountry "CHI"]
[SourceTitle "EXT 2012"]
[Source "ChessBase"]
[SourceDate "2011.11.24"]
[SourceVersion "1"]
[SourceVersionDate "2011.11.24"]
[SourceQuality "1"]

1. e4 e6 2. d4 d5 3. Nc3 Bb4 4. e5 c5 5. a3 Bxc3+ 6. bxc3 Ne7 7. a4 Nbc6 8. Nf3 Qa5 9. Bd2 Bd7 10. Bd3 c4 11. Be2 h6 12. Qc1 0-0-0 13. Qa3 Kb8 14. 0-0 Ka8 15. Rfb1 Rb8 16. Qd6 Qd8 17. a5 Nc8 18. Qc5 b6 19. axb6 Rxb6 20. Qa3 Rxb1+ 21. Rxb1 Qa5 22. Qb2 Qc7 23. Bc1 N8e7 24. Ra1 Qb7 25. Qa2 Rb8 26. Ba3 Qa6 27. Nd2 Nc8 28. Bf8 Qxa2 29. Rxa2 a5 30. g4 N8e7 31. Nf3 Kb7 32. h4 Kc7 1-0

[Event "Santiago Endesa 01"]
[Site "Santiago de Chile"]
[Date "2009.04.13"]
[Round "10"]
[White "Velasquez Ojeda, Cesar"]
[Black "Vargas Maliqueo, Ivan Patricio"]
[Result "1-0"]
[WhiteElo "2282"]
[BlackElo "2222"]
[PlyCount "51"]
[EventDate "2009.03.16"]
[EventType "tourn"]
[EventRounds "11"]
[EventCountry "CHI"]
[SourceTitle "EXT 2012"]
[Source "ChessBase"]
[SourceDate "2011.11.24"]
[SourceVersion "1"]
[SourceVersionDate "2011.11.24"]
[SourceQuality "1"]

1. e4 c5 2. Nf3 d6 3. d4 cxd4 4. Nxd4 Nf6 5. Nc3 a6 6. Bg5 e6 7. f4 Qb6 8. Qd2 Qxb2 9. Rb1 Qa3 10. Be2 h5 11. e5 Nfd7 12. f5 Nxe5 13. fxe6 fxe6 14. 0-0 Nbc6 15. Nxc6 bxc6 16. Ne4 d5 17. Kh1 Qa4 18. c4 Ra7 19. Rb8 Kd7 20. Rxf8 Rxf8 21. Nc5+ Kc7 22. Rxc8+ Kxc8 23. Nxa4 Rb7 24. h3 Rf2 25. Qe3 Rb1+ 26. Kh2 1-0

[Event "Santiago Endesa 13"]
[Site "Santiago de Chile"]
[Date "2008.09.08"]
[Round "7"]
[White "Henriquez Villagra, Cristobal"]
[Black "Velasquez Ojeda, Cesar"]
[Result "1/2-1/2"]
[WhiteElo "2063"]
[BlackElo "2282"]
[PlyCount "67"]
[EventDate "2008.08.18"]
[EventType "tourn"]
[EventRounds "9"]
[EventCountry "CHI"]
[SourceTitle "EXT 2012"]
[Source "ChessBase"]
[SourceDate "2011.11.24"]
[SourceVersion "1"]
[SourceVersionDate "2011.11.24"]
[SourceQuality "1"]

1. e4 c5 2. Nf3 d6 3. d4 cxd4 4. Nxd4 Nf6 5. Nc3 a6 6. Be2 e5 7. Nb3 Be6 8. Be3 Nbd7 9. 0-0 Be7 10. f4 Qc7 11. f5 Bc4 12. a4 0-0 13. a5 b5 14. axb6 Nxb6 15. Bxb6 Qxb6+ 16. Kh1 Rfc8 17. Bxc4 Rxc4 18. Qe2 Rac8 19. Nd2 R4c6 20. Nb3 Bd8 21. Rfd1 Qb7 22. Ra4 h6 23. h3 a5 24. Kh2 Rb8 25. Nxa5 Bxa5 26. Rxa5 Qc7 27. Rb5 Rxb5 28. Qxb5 Rb6 29. Qa5 Qb8 30. b3 Rb4 31. Qa6 Rd4 32. Rxd4 exd4 33. Nd5 Nxd5 34. exd5 1/2-1/2

[Event "Santiago Endesa 13"]
[Site "Santiago de Chile"]
[Date "2008.09.03"]
[Round "6"]
[White "Velasquez Ojeda, Cesar"]
[Black "Caceres Vasquez, Sergio"]
[Result "1-0"]
[WhiteElo "2282"]
[BlackElo "2159"]
[PlyCount "83"]
[EventDate "2008.08.18"]
[EventType "tourn"]
[EventRounds "9"]
[EventCountry "CHI"]
[SourceTitle "EXT 2012"]
[Source "ChessBase"]
[SourceDate "2011.11.24"]
[SourceVersion "1"]
[SourceVersionDate "2011.11.24"]
[SourceQuality "1"]

1. e4 c5 2. Nf3 e6 3. d4 cxd4 4. Nxd4 Nc6 5. c4 Nf6 6. Nxc6 bxc6 7. Bd3 d5 8. Nd2 dxe4 9. Nxe4 Nxe4 10. Bxe4 Qxd1+ 11. Kxd1 Bb7 12. Be3 0-0-0+ 13. Kc2 c5 14. Bxb7+ Kxb7 15. a3 Be7 16. b4 Rd7 17. bxc5 Kc6 18. Rhd1 Rhd8 19. Rxd7 Rxd7 20. Rb1 Bxc5 21. Bxc5 Kxc5 22. Kc3 Kc6 23. Rb8 e5 24. Rc8+ Rc7 25. Rh8 h6 26. Rg8 f6 27. h4 Kd6 28. g4 Ke6 29. h5 Kf7 30. Rh8 f5 31. gxf5 Kf6 32. Rf8+ Ke7 33. Rb8 Kf6 34. Kb4 Kxf5 35. c5 Ke6 36. Kb5 Kd7 37. a4 a6+ 38. Kc4 Ke7 39. Kd5 Rd7+ 40. Kxe5 Rd2 41. c6 Rc2 42. Kd5 1-0

[Event "Santiago Endesa Interempresas tt-A"]
[Site "Santiago de Chile"]
[Date "2008.08.26"]
[Round "6"]
[White "Velasquez Ojeda, Cesar"]
[Black "Caceres Vasquez, Sergio"]
[Result "0-1"]
[WhiteElo "2282"]
[BlackElo "2159"]
[PlyCount "66"]
[EventDate "2008.07.22"]
[EventType "team"]
[EventRounds "11"]
[EventCountry "CHI"]
[SourceTitle "EXT 2012"]
[Source "ChessBase"]
[SourceDate "2011.11.24"]
[SourceVersion "1"]
[SourceVersionDate "2011.11.24"]
[SourceQuality "1"]

1. e4 c5 2. Nf3 e6 3. d4 cxd4 4. Nxd4 Nc6 5. c4 Nf6 6. Nxc6 bxc6 7. Bd3 d5 8. Nd2 dxe4 9. Nxe4 Nxe4 10. Bxe4 Qxd1+ 11. Kxd1 Bd7 12. Bd2 Bc5 13. f4 Bd4 14. Rb1 Rb8 15. b4 0-0 16. Rb3 Rfd8 17. Ke2 e5 18. f5 f6 19. Ra3 Be8 20. g4 Bf7 21. c5 Bc4+ 22. Ke1 Bf2+ 23. Kxf2 Rxd2+ 24. Ke3 Re2+ 25. Kf3 Rxe4 26. Kxe4 Bd5+ 27. Kd3 Bxh1 28. Rxa7 h6 29. Kc4 Bd5+ 30. Kc3 e4 31. a4 Kf8 32. Rd7 e3 33. b5 Re8 0-1

[Event "Santiago Endesa 13"]
[Site "Santiago de Chile"]
[Date "2008.08.25"]
[Round "3"]
[White "Velasquez Ojeda, Cesar"]
[Black "Yarur Elsaca, Daniel"]
[Result "1/2-1/2"]
[WhiteElo "2282"]
[BlackElo "1846"]
[PlyCount "84"]
[EventDate "2008.08.18"]
[EventType "tourn"]
[EventRounds "9"]
[EventCountry "CHI"]
[SourceTitle "EXT 2012"]
[Source "ChessBase"]
[SourceDate "2011.11.24"]
[SourceVersion "1"]
[SourceVersionDate "2011.11.24"]
[SourceQuality "1"]

1. e4 c5 2. Nf3 Nc6 3. d4 cxd4 4. Nxd4 g6 5. Bc4 Bg7 6. Be3 Nf6 7. Nc3 0-0 8. f3 Qb6 9. Ncb5 a6 10. Na3 Qxb2 11. Nxc6 bxc6 12. Qc1 Qc3+ 13. Bd2 Qd4 14. Be3 Qc3+ 15. Bd2 Qe5 16. Bf4 Qa5+ 17. Bd2 Qd8 18. e5 Nd5 19. f4 d6 20. 0-0 dxe5 21. fxe5 Bxe5 22. Rb1 Qd6 23. h3 Bd4+ 24. Kh1 Bc5 25. Rb3 Be6 26. Bh6 Rfb8 27. Qb2 f6 28. Nb1 Rxb3 29. Qxb3 Rb8 30. Qf3 Rb2 31. Bb3 Bb6 32. Nd2 Bc7 33. g3 Bxh3 34. Nc4 Qe6 35. Nxb2 Bxf1 36. Qxf1 Qe5 37. Qg2 Qe1+ 38. Kh2 Qe5 39. Nd3 Qh5+ 40. Qh3 Qe2+ 41. Qg2 Qh5+ 42. Qh3 Qe2+ 1/2-1/2

[Event "Santiago Endesa Interempresas tt-A"]
[Site "Santiago de Chile"]
[Date "2008.08.05"]
[Round "3"]
[White "Bombardiere Rosas, Eduardo"]
[Black "Velasquez Ojeda, Cesar"]
[Result "0-1"]
[WhiteElo "2280"]
[BlackElo "2282"]
[PlyCount "66"]
[EventDate "2008.07.22"]
[EventType "team"]
[EventRounds "11"]
[EventCountry "CHI"]
[SourceTitle "EXT 2012"]
[Source "ChessBase"]
[SourceDate "2011.11.24"]
[SourceVersion "1"]
[SourceVersionDate "2011.11.24"]
[SourceQuality "1"]

1. e4 c5 2. Nf3 d6 3. c4 Nf6 4. Nc3 Bg4 5. Be2 Nc6 6. d3 g6 7. 0-0 Bg7 8. Ne1 Bxe2 9. Qxe2 Nd4 10. Qd1 0-0 11. Nc2 Nxc2 12. Qxc2 Ne8 13. Kh1 Nc7 14. f4 Ne6 15. Be3 Nd4 16. Bxd4 Bxd4 17. f5 e6 18. Rf3 Be5 19. Raf1 Qg5 20. Nd1 Rfe8 21. Nf2 Re7 22. Nh3 Qh5 23. Qd2 exf5 24. exf5 Rae8 25. fxg6 hxg6 26. b4 f6 27. b5 Rh7 28. Qe1 Ree7 29. Qf2 g5 30. Rf5 Qh6 31. Rxf6 Bxf6 32. Qxf6 Qxf6 33. Rxf6 g4 0-1

[Event "Santiago Endesa 10"]
[Site "Santiago de Chile"]
[Date "2008.07.21"]
[Round "5"]
[White "Caceres Vasquez, Sergio"]
[Black "Velasquez Ojeda, Cesar"]
[Result "1/2-1/2"]
[WhiteElo "2159"]
[BlackElo "2282"]
[PlyCount "21"]
[EventDate "2008.06.30"]
[EventType "tourn"]
[EventRounds "9"]
[EventCountry "CHI"]
[SourceTitle "EXT 2012"]
[Source "ChessBase"]
[SourceDate "2011.11.24"]
[SourceVersion "1"]
[SourceVersionDate "2011.11.24"]
[SourceQuality "1"]

1. Nf3 Nf6 2. g3 d5 3. Bg2 Bg4 4. 0-0 Nbd7 5. d4 Bxf3 6. exf3 e6 7. f4 g6 8. Nd2 c5 9. Nf3 cxd4 10. Nxd4 Bg7 11. Be3 1/2-1/2

[Event "Santiago Endesa 10"]
[Site "Santiago de Chile"]
[Date "2008.07.14"]
[Round "4"]
[White "Velasquez Ojeda, Cesar"]
[Black "Pinto Pinares, Marcelo"]
[Result "1/2-1/2"]
[WhiteElo "2282"]
[BlackElo "2200"]
[PlyCount "74"]
[EventDate "2008.06.30"]
[EventType "tourn"]
[EventRounds "9"]
[EventCountry "CHI"]
[SourceTitle "EXT 2012"]
[Source "ChessBase"]
[SourceDate "2011.11.24"]
[SourceVersion "1"]
[SourceVersionDate "2011.11.24"]
[SourceQuality "1"]

1. c4 e6 2. Nc3 d5 3. cxd5 exd5 4. d4 c5 5. dxc5 d4 6. Ne4 Nc6 7. g3 Bxc5 8. Nxc5 Qa5+ 9. Bd2 Qxc5 10. Bg2 Nf6 11. Nf3 0-0 12. 0-0 Re8 13. Re1 Bg4 14. h3 Bf5 15. b4 Qb6 16. a4 a6 17. a5 Qc7 18. Qb3 Qd7 19. g4 Be4 20. Rad1 Qd5 21. Qa3 Ne5 22. Nh4 Bxg2 23. Nxg2 Ne4 24. f3 Nxd2 25. Rxd2 Nc4 26. Qa2 Rad8 27. Rc2 Ne3 28. Qxd5 Nxd5 29. Rc4 Nc3 30. Kf2 g5 31. h4 h6 32. hxg5 hxg5 33. Rc5 Rd5 34. Rxd5 Nxd5 35. Rd1 Nc3 36. Rxd4 Rxe2+ 37. Kf1 Re5 1/2-1/2

[Event "Santiago Endesa 10"]
[Site "Santiago de Chile"]
[Date "2008.07.07"]
[Round "3"]
[White "Jorquera Cahuin, Marcelo Joaquin"]
[Black "Velasquez Ojeda, Cesar"]
[Result "1/2-1/2"]
[WhiteElo "2310"]
[BlackElo "2282"]
[PlyCount "133"]
[EventDate "2008.06.30"]
[EventType "tourn"]
[EventRounds "9"]
[EventCountry "CHI"]
[SourceTitle "EXT 2012"]
[Source "ChessBase"]
[SourceDate "2011.11.24"]
[SourceVersion "1"]
[SourceVersionDate "2011.11.24"]
[SourceQuality "1"]

1. e4 c5 2. c3 d5 3. exd5 Qxd5 4. d4 Nf6 5. Nf3 Bg4 6. Be2 e6 7. 0-0 Be7 8. Qa4+ Nc6 9. Rd1 Qe4 10. Be3 0-0 11. Nbd2 Qg6 12. h3 cxd4 13. cxd4 Bxf3 14. Bxf3 Nd5 15. Qb3 Ncb4 16. a3 Nc2 17. Rac1 Ncxe3 18. fxe3 Rad8 19. Ne4 f5 20. Nf2 f4 21. e4 Ne3 22. Rd3 Bh4 23. Ng4 Rd6 24. Rc5 Rb6 25. Qc3 Be7 26. Rc8 Rxc8 27. Qxc8+ Bf8 28. Qc1 Qg5 29. Nxe3 fxe3 30. Qxe3 Qxe3+ 31. Rxe3 Rxb2 32. Bg4 Rb6 33. Kf1 Kf7 34. d5 Rb1+ 35. Ke2 Rb2+ 36. Kf3 exd5 37. exd5 Bc5 38. Rc3 Bd6 39. a4 g6 40. Be6+ Kf6 41. Re3 Bc5 42. Re4 Rb3+ 43. Ke2 Rb2+ 44. Kf3 Rf2+ 45. Kg3 Rd2 46. Rf4+ Kg5 47. h4+ Kh5 48. Rf7 Rd3+ 49. Kf4 Rd4+ 50. Ke5 Kxh4 51. Rxh7+ Kg5 52. Rxb7 Rxa4 53. d6 Rb4 54. Rc7 Bb6 55. Rc6 Bd4+ 56. Kd5 Kf6 57. Bh3 Rb6 58. Rc1 Rb4 59. Rf1+ Kg5 60. Rf7 Bb6 61. Kc6 Rd4 62. Kd7 Kh4 63. Rh7+ Kg5 64. Rf7 Rd2 65. Rf8 Kh4 66. Rh8+ Kg5 67. Rf8 1/2-1/2